000 00441nam a2200157 i 4500
001 122749
003 ES-MaACL
005 20230906192033.0
007 t|
008 070214n19301939sp r ||||1| spa d
100 1 _aPuig, Juan Bautista.
_994233
245 1 0 _aPolítica y religión /
_cpor Juan B. Puig Villena.
260 _aAlicante :
_b[s.n.],
_c[193_?] (
_fImp. Comercial)
300 _a45 p. ;
_c21 cm.
852 _aES-MaACL
_j1803-F-13
999 _c122749
_d122749